| 000 | 00938nam a22002537a 4500 | ||
|---|---|---|---|
| 005 | 20250821121141.0 | ||
| 008 | 250821b |||||||| |||| 00| 0 eng d | ||
| 037 | _cTB | ||
| 040 |
_aCRL _cCRL |
||
| 041 |
_2eng _aeng _htel |
||
| 084 |
_aP35 Q9 _qCRL |
||
| 245 |
_aTelugu world: _b4th world Telugu writers Congress |
||
| 260 |
_aVijayawada, India: _bPrapanchaTelugu Rachayitaia Sangham, _c2019. |
||
| 300 | _a320p. | ||
| 365 |
_b250.00 _cINR |
||
| 650 | _aLinguistics | ||
| 650 |
_aLanguage & Languages _9818374 |
||
| 650 |
_aTelugu Language _9155493 |
||
| 700 |
_aRao, Gumma Samba Siva _eEditor _9818375 |
||
| 700 |
_aRao, Golla Narayana _eEditor _9818376 |
||
| 700 |
_aBalatripurasundari, Bhamidipati _eEditor _9818377 |
||
| 942 |
_2CC _cTB _hP35 Q9 _n0 |
||
| 999 |
_c1434826 _d1434826 |
||